[Event "DSOL 05 Liga Gr-B 1st"]
[Site "Playchess.com INT"]
[Date "2020.07.10"]
[Round "3.1"]
[White "Leyendecker, Niklas"]
[Black "Tischer, Christian Janek"]
[Result "1-0"]
[WhiteElo "1881"]
[BlackElo "1843"]
[PlyCount "71"]
[EventDate "2020.06.22"]
[EventType "team-tourn (rapid)"]
[EventCountry "GER"]
[SourceTitle "EXT 2021"]
[Source "ChessBase"]
[SourceDate "2020.10.23"]
[SourceVersion "1"]
[SourceVersionDate "2020.10.23"]
[SourceQuality "1"]
[WhiteTeam "Birkenfeld"]
[BlackTeam "Gross Gerau"]
[WhiteTeamCountry "GER"]
[BlackTeamCountry "GER"]

1. d4 f5 2. c4 Nf6 3. Nc3 e6 4. g3 Bb4 5. Bg2 0-0 6. Qb3 a5 7. Nf3 d6 8. 0-0 Bxc3 9. Qxc3 Nc6 10. Bg5 h6 11. Bxf6 Qxf6 12. Rad1 Bd7 13. b3 Be8 14. a3 g5 15. Rfe1 g4 16. Nh4 f4 17. Rf1 Bh5 18. Bxc6 bxc6 19. Qd3 Rf7 20. Qe4 Rb8 21. Rb1 e5 22. dxe5 dxe5 23. e3 f3 24. Rfd1 Rff8 25. Rd3 Rfd8 26. Rbd1 Rxd3 27. Qxd3 e4 28. Qxe4 Rxb3 29. c5 Rxa3 30. Qc4+ Kh8 31. Rb1 Ra1 32. Qc1 Rxb1 33. Qxb1 Qc3 34. Nf5 Qxc5 35. Qb2+ Kg8 36. Qg7# 1-0

[Event "Rheinland Pfalz op 11th"]
[Site "Weilerbach"]
[Date "2019.06.20"]
[Round "1"]
[White "Leyendecker, Niklas"]
[Black "Englert, Georg"]
[Result "1-0"]
[WhiteElo "1870"]
[BlackElo "1159"]
[PlyCount "47"]
[EventDate "2019.06.20"]
[EventType "swiss"]
[EventRounds "7"]
[EventCountry "GER"]
[SourceTitle "CBM 191 Extra"]
[Source "ChessBase"]
[SourceDate "2019.09.30"]
[SourceVersion "1"]
[SourceVersionDate "2019.09.30"]
[SourceQuality "1"]

1. d4 d5 2. c4 c6 3. Nc3 g6 4. Nf3 Bg7 5. Bf4 Nf6 6. e3 0-0 7. Bd3 h6 8. h3 Be6 9. c5 b6 10. b4 Nbd7 11. 0-0 a6 12. cxb6 Nxb6 13. Ne5 Qc8 14. Na4 Qb7 15. Nc5 Qc8 16. Rc1 Nfd7 17. Nxe6 fxe6 18. Rxc6 Qe8 19. Bxg6 Qd8 20. Qg4 Rf6 21. Rxe6 Nxe5 22. Bxe5 Rf8 23. Bh7+ Kf7 24. Qg6# 1-0

[Event "Pfalz-ch HT1 87th"]
[Site "Landau"]
[Date "2018.03.30"]
[Round "5"]
[White "Kugel, Norbert"]
[Black "Leyendecker, Niklas"]
[Result "1/2-1/2"]
[WhiteElo "1907"]
[BlackElo "1621"]
[PlyCount "53"]
[EventDate "2018.03.23"]
[EventType "swiss"]
[EventRounds "7"]
[EventCountry "GER"]
[SourceTitle "EXT 2019"]
[Source "ChessBase"]
[SourceDate "2018.10.10"]
[SourceVersion "1"]
[SourceVersionDate "2018.10.10"]
[SourceQuality "1"]

1. d4 d5 2. Nf3 Nf6 3. e3 e6 4. Bd3 c5 5. b3 Nc6 6. 0-0 Bd6 7. Bb2 cxd4 8. exd4 Nb4 9. Be2 0-0 10. c4 b6 11. Ne5 Bb7 12. Nd2 Rc8 13. a3 Nc6 14. Rc1 Qe7 15. b4 dxc4 16. Ndxc4 Bb8 17. Qb3 Nd5 18. Bf3 b5 19. Ne3 Nxe3 20. Nxc6 Bxc6 21. Qxe3 Qd6 22. g3 Bxf3 23. Qxf3 Rc7 24. Rc5 a6 25. Qc3 f6 26. Rc1 Rfc8 27. Qe3 1/2-1/2